[Event "4th Al Ain Chess Classic"]
[Site "Al-Ain UAE"]
[Date "2015.12.23"]
[Round "1.50"]
[White "Soyunlu, Narmin"]
[Black "Azaladze, Shota"]
[Result "0-1"]
[BlackTitle "IM"]
[WhiteElo "1919"]
[BlackElo "2468"]
[WhiteFideId "13400843"]
[BlackFideId "13603027"]
[EventDate "2015.12.23"]

1. d4 g6 2. c4 Bg7 3. g3 Nf6 4. Bg2 O-O 5. Nc3 d6 6. Nf3 c6 7. O-O Qa5 8. e4 Be6
9. Qe2 Qb4 10. d5 Bg4 11. Bd2 Qb6 12. h3 Bxf3 13. Bxf3 Nfd7 14. Bg5 Re8 15. Bg2
a5 16. Rac1 Na6 17. Be3 Qc7 18. f4 Nac5 19. Qd2 a4 20. Bd4 Qb6 21. Ne2 e5 22.
dxe6 Rxe6 23. Nc3 Nxe4 24. Nxe4 Qxd4+ 25. Qxd4 Bxd4+ 26. Kh2 Rae8 27. Ng5 Re2
28. Rcd1 Bc5 29. b3 Rxa2 0-1

[Event "4th Al Ain Chess Classic"]
[Site "Al-Ain UAE"]
[Date "2015.12.23"]
[Round "1.51"]
[White "Babujian, Levon"]
[Black "Mayed AlRashedi"]
[Result "1-0"]
[WhiteTitle "GM"]
[BlackTitle "FM"]
[WhiteElo "2465"]
[BlackElo "1895"]
[WhiteFideId "13301993"]
[BlackFideId "9303871"]
[EventDate "2015.12.23"]

1. e4 e5 2. Nf3 Nc6 3. d4 exd4 4. Nxd4 Bc5 5. Nb3 Bb6 6. Nc3 Nge7 7. Bg5 f6 8.
Bh4 O-O 9. Bc4+ Kh8 10. f4 d6 11. Qf3 Ng6 12. Bg3 f5 13. O-O-O fxe4 14. Qxe4 Bf5
15. Qf3 Qd7 16. h3 Nb4 17. Nd4 Bxd4 18. Rxd4 Nxc2 19. Rd2 Nb4 20. Qxb7 Rab8 21.
Qf3 Rb6 22. Re1 Rfb8 23. a3 Nc2 24. Rxc2 Bxc2 25. Be6 Qd8 26. b4 Ra6 27. Kxc2
Rxa3 28. Qc6 Ne7 29. Qd7 Qxd7 30. Bxd7 Nd5 31. Nxd5 Rxg3 32. Re2 c5 33. b5 Kg8
34. f5 c4 35. Bc6 Kf8 36. Ne3 Rd8 37. Kc3 d5 38. Kd4 Kf7 39. Bxd5+ Kf6 40. Kxc4
Rc8+ 41. Kd4 Rb8 42. Bc6 1-0

[Event "4th Al Ain Chess Classic"]
[Site "Al-Ain UAE"]
[Date "2015.12.23"]
[Round "1.52"]
[White "Musallam Salim Al Aamri"]
[Black "Hossain, Enamul"]
[Result "0-1"]
[BlackTitle "GM"]
[WhiteElo "1888"]
[BlackElo "2450"]
[WhiteFideId "22000399"]
[BlackFideId "10200649"]
[EventDate "2015.12.23"]

1. c4 e5 2. Nc3 Nf6 3. g3 Nc6 4. Bg2 Bc5 5. a3 a6 6. e3 O-O 7. Nge2 d6 8. O-O
Ba7 9. b4 Bf5 10. d3 Qd7 11. e4 Bh3 12. Be3 h6 13. Qd2 Ne7 14. Bxa7 Rxa7 15. f4
c6 16. Qe3 Raa8 17. Rad1 Bxg2 18. Kxg2 b5 19. h3 a5 20. f5 axb4 21. axb4 Ra3 22.
cxb5 d5 23. Qc5 Rc8 24. b6 Rca8 25. Nc1 Qb7 26. Rf2 Nc8 27. b5 cxb5 28. Nxb5 Ra1
29. Qc7 Qxb6 30. Qxb6 Nxb6 31. Kf3 Rc8 32. Rff1 Ra5 33. Nd6 Rc6 0-1

[Event "4th Al Ain Chess Classic"]
[Site "Al-Ain UAE"]
[Date "2015.12.23"]
[Round "1.53"]
[White "Harutyunian, Tigran K."]
[Black "Ashid, Tsetsegulzii"]
[Result "1-0"]
[WhiteTitle "IM"]
[WhiteElo "2448"]
[BlackElo "1869"]
[WhiteFideId "13303635"]
[BlackFideId "4902904"]
[EventDate "2015.12.23"]

1. Nf3 d5 2. g3 Bg4 3. Bg2 Nd7 4. c4 e6 5. cxd5 exd5 6. Qb3 Nc5 7. Qc2 Nf6 8. d3
Be7 9. Be3 Ncd7 10. h3 Be6 11. Nd4 c6 12. O-O O-O 13. Nd2 Rc8 14. N2f3 Re8 15.
Nxe6 fxe6 16. Bf4 Nh5 17. Bd2 e5 18. e4 Qb6 19. Kh2 Nhf6 20. Rac1 Rcd8 21. Be3
Qb4 22. a3 Qa5 23. Qb3 Rb8 24. Rfe1 Kh8 25. exd5 Nxd5 26. Bd2 Qa6 27. Nxe5 Nxe5
28. Rxe5 Bf6 29. Re4 Qb6 30. Qxb6 Nxb6 31. Bc3 Bxc3 32. bxc3 Kg8 33. Rb1 Red8
34. Bf1 Nd5 35. Rc4 Nb6 36. Rcb4 Rd7 37. c4 c5 38. Rb5 Rc7 39. Bg2 Kf8 40. a4
Nxa4 41. Ra1 Nc3 42. Rb3 Ne2 43. Rxa7 Nc1 44. Rc3 Ne2 45. Rc2 Re7 46. Be4 Nd4
47. Rb2 b5 48. Rxe7 Kxe7 49. cxb5 Rxb5 50. Rxb5 Nxb5 51. Bxh7 Nd6 52. Bg8 Kf6
53. f4 Kf5 54. Kg2 Nb5 55. Bc4 Nd4 56. Ba6 Nc2 57. Bc8+ Kf6 58. Kf3 Na3 59. Ba6
Nb1 60. g4 Nd2+ 61. Ke3 Nb1 62. h4 Nc3 63. h5 Nd5+ 64. Kf3 Nc3 65. Bc8 Kf7 66.
g5 Ke7 67. f5 1-0

[Event "4th Al Ain Chess Classic"]
[Site "Al-Ain UAE"]
[Date "2015.12.23"]
[Round "1.54"]
[White "Wettasinha, Vasanta"]
[Black "Labib, Ibrahim Hasan"]
[Result "0-1"]
[BlackTitle "IM"]
[WhiteElo "1858"]
[BlackElo "2434"]
[WhiteFideId "9904433"]
[BlackFideId "10600426"]
[EventDate "2015.12.23"]

1. d4 Nf6 2. Nc3 d5 3. Bg5 Nbd7 4. f3 c5 5. e4 dxe4 6. fxe4 cxd4 7. Qxd4 e5 8.
Qa4 h6 9. Bxf6 Qxf6 10. O-O-O Bc5 11. Bb5 Bd4 12. Nf3 a6 13. Nd5 Qd6 14. c3 Ba7
15. Nf6+ Qxf6 16. Bxd7+ Kf8 17. Qc4 Bxd7 18. Rxd7 b5 19. Qd3 Kg8 20. Rf1 Qe6 21.
Rd5 f6 22. Nh4 Kh7 23. Qg3 Rhc8 24. Qg6+ Kh8 25. Nf5 Rc7 26. Rfd1 Qe8 27. Qg3 b4
28. Qh4 bxc3 29. b3 Qf8 30. Nd6 c2 31. R1d2 Be3 32. Qg3 Bxd2+ 33. Rxd2 Rd8 34.
Qd3 Rc6 35. Nf7+ Kh7 0-1

[Event "4th Al Ain Chess Classic"]
[Site "Al-Ain UAE"]
[Date "2015.12.23"]
[Round "1.55"]
[White "Baghdasaryan, Vahe"]
[Black "Ali, Abdulaziz"]
[Result "1-0"]
[WhiteTitle "IM"]
[WhiteElo "2432"]
[BlackElo "1855"]
[WhiteFideId "13303139"]
[BlackFideId "9304347"]
[EventDate "2015.12.23"]

1. c4 e6 2. g3 d5 3. Bg2 Nf6 4. Nf3 dxc4 5. O-O Nc6 6. Na3 Be7 7. Nxc4 O-O 8. d4
Nb4 9. a3 Nbd5 10. Qc2 c6 11. e4 Nb6 12. Na5 Nbd7 13. b4 Re8 14. Rd1 Bf8 15. Bf4
Nh5 16. Bg5 f6 17. Be3 e5 18. dxe5 Qe7 19. g4 1-0

[Event "4th Al Ain Chess Classic"]
[Site "Al-Ain UAE"]
[Date "2015.12.23"]
[Round "1.56"]
[White "Tarini Goyal"]
[Black "Das, Sayantan"]
[Result "0-1"]
[WhiteTitle "WFM"]
[BlackTitle "IM"]
[WhiteElo "1826"]
[BlackElo "2411"]
[WhiteFideId "5082749"]
[BlackFideId "5034426"]
[EventDate "2015.12.23"]

1. d4 d5 2. c4 e6 3. Nf3 Nf6 4. g3 Be7 5. Bg2 O-O 6. O-O b6 7. cxd5 exd5 8. Nc3
Bb7 9. Qc2 Na6 10. a3 c5 11. Rd1 Nc7 12. e4 Nxe4 13. Nxe4 dxe4 14. dxc5 Qc8 15.
Ne5 bxc5 16. Bxe4 Bxe4 17. Qxe4 Qe6 18. Re1 Bf6 19. Nc4 Qa6 20. Bf4 Rfe8 21. Qc2
Ne6 22. Be5 Ng5 23. f4 Nf3+ 24. Kf2 Nxe1 25. Rxe1 Bxe5 26. Rxe5 f6 27. Rxc5 Qe6
28. Qc1 Qe2+ 29. Kg1 Rad8 0-1

[Event "4th Al Ain Chess Classic"]
[Site "Al-Ain UAE"]
[Date "2015.12.23"]
[Round "1.57"]
[White "Omar, Noaman"]
[Black "Al Hosani, Omran"]
[Result "1-0"]
[WhiteTitle "IM"]
[BlackTitle "CM"]
[WhiteElo "2403"]
[BlackElo "1817"]
[WhiteFideId "9300244"]
[BlackFideId "9308733"]
[EventDate "2015.12.23"]

1. d4 Nf6 2. Nf3 e6 3. g3 c5 4. Bg2 d5 5. O-O Nc6 6. c4 cxd4 7. Nxd4 Bc5 8. Nxc6
bxc6 9. Qc2 Be7 10. b3 O-O 11. Bb2 Bb7 12. Rd1 Qb6 13. e3 Rfd8 14. Nd2 Nd7 15.
Rac1 Bf6 16. c5 Qc7 17. Bxf6 Nxf6 18. e4 Bc8 19. Qb2 a5 20. a3 Ba6 21. exd5 exd5
22. Qd4 Re8 23. Re1 h6 24. Bf3 Re6 25. Nf1 Bxf1 26. Kxf1 Rae8 27. b4 axb4 28.
axb4 Qb7 29. Rxe6 fxe6 30. Re1 Qb8 31. Kg2 e5 32. Qd2 e4 33. Bd1 Qb7 34. Be2 Rb8
35. Rb1 Qd7 36. Qd4 Ne8 37. Ra1 Nc7 38. Ra7 Ne6 39. Qa1 Rb7 40. Rxb7 Qxb7 41.
Qe5 Nf8 42. b5 cxb5 43. Qe8 b4 44. c6 Qc7 45. Bd1 Qd6 46. Bb3 Kh7 47. Qf7 Qxc6
48. Qxf8 1-0

[Event "4th Al Ain Chess Classic"]
[Site "Al-Ain UAE"]
[Date "2015.12.23"]
[Round "1.58"]
[White "Ammar, Sedrani"]
[Black "Mu, Ke"]
[Result "0-1"]
[WhiteTitle "FM"]
[WhiteElo "1573"]
[BlackElo "2403"]
[WhiteFideId "9312331"]
[BlackFideId "8602778"]
[EventDate "2015.12.23"]

1. d4 Nf6 2. Nf3 g6 3. Nbd2 Bg7 4. e4 d6 5. Bd3 O-O 6. O-O c5 7. c3 d5 8. e5 Ne8
9. Qe2 Nc7 10. b3 Nc6 11. Bb2 Ne6 12. Qe3 Qb6 13. Rfd1 Bd7 14. Rac1 a5 15. a4
Rac8 16. Ba3 cxd4 17. cxd4 Nb4 18. g3 Rfe8 19. Kg2 Bf8 20. Bb1 Ng7 21. Nh4 Qe6
22. Bxb4 axb4 23. Bd3 Qh3+ 24. Kh1 Nf5 25. Nxf5 Bxf5 26. Bxf5 Qxf5 27. Nf3 Qh5
28. Ne1 Bh6 29. f4 e6 30. Nd3 Rc3 31. Rxc3 Qxd1+ 0-1

[Event "4th Al Ain Chess Classic"]
[Site "Al-Ain UAE"]
[Date "2015.12.23"]
[Round "1.59"]
[White "Kulaots, Kaido"]
[Black "Aradhya, Garg"]
[Result "1-0"]
[WhiteTitle "GM"]
[WhiteElo "2574"]
[BlackElo "2316"]
[WhiteFideId "4500261"]
[BlackFideId "25006746"]
[EventDate "2015.12.23"]

1. e4 e5 2. Nf3 Nc6 3. Bb5 a6 4. Ba4 d6 5. O-O Bd7 6. d4 exd4 7. Nxd4 b5 8. Nxc6
Bxc6 9. Bb3 Nf6 10. c4 Be7 11. Nc3 O-O 12. Re1 Re8 13. Bf4 Nd7 14. cxb5 axb5 15.
Qh5 g6 16. Bxf7+ Kxf7 17. Qxh7+ Kf6 18. Re3 Rg8 19. Rf3 Ke6 20. Ne2 Bf6 21. Bg5
Bxe4 22. Nd4+ Ke5 23. Rxf6 Nxf6 24. Qf7 Rf8 25. Qe6+ Kxd4 26. Be3+ 1-0

[Event "4th Al Ain Chess Classic"]
[Site "Al-Ain UAE"]
[Date "2015.12.23"]
[Round "1.60"]
[White "Lalith Babu M R"]
[Black "Yogit, S"]
[Result "1-0"]
[WhiteTitle "GM"]
[WhiteElo "2553"]
[BlackElo "2239"]
[WhiteFideId "5024595"]
[BlackFideId "5009332"]
[EventDate "2015.12.23"]

1. d4 Nf6 2. Nf3 e6 3. c4 Bb4+ 4. Nbd2 b6 5. a3 Be7 6. e4 Bb7 7. Qc2 d6 8. b3 c5
9. e5 Nfd7 10. Bb2 cxd4 11. exd6 Bxd6 12. Bxd4 e5 13. Bb2 Qe7 14. Ne4 Bc7 15.
Nc3 e4 16. Nd4 O-O 17. O-O-O Nf6 18. Kb1 Nc6 19. Nd5 Nxd5 20. Nf5 Qg5 21. cxd5
Qxf5 22. dxc6 Bc8 23. f3 Re8 24. fxe4 Qxe4 25. Bd3 Qh4 26. g3 Qh5 27. h3 Be6 28.
g4 Qh4 29. Qc3 f6 30. Bc4 Bxc4 31. Qxc4+ Kh8 32. Rd7 Be5 33. c7 Rac8 34. Rhd1 1-0

[Event "4th Al Ain Chess Classic"]
[Site "Al-Ain UAE"]
[Date "2015.12.23"]
[Round "1.61"]
[White "Debashis, Das"]
[Black "Arjun Kalyan"]
[Result "1-0"]
[WhiteTitle "GM"]
[WhiteElo "2505"]
[BlackElo "2107"]
[WhiteFideId "5024854"]
[BlackFideId "35018701"]
[EventDate "2015.12.23"]

1. d4 d5 2. c4 e6 3. Nc3 Nf6 4. cxd5 exd5 5. Bg5 Be7 6. e3 O-O 7. Bd3 Nbd7 8.
Nge2 b6 9. Ng3 g6 10. h4 Bb7 11. h5 Re8 12. hxg6 fxg6 13. Qc2 Ne4 14. Bxe4 dxe4
15. Qb3+ Kg7 16. Bh6+ Kh8 17. Qf7 Rg8 18. Ngxe4 Bxe4 19. Nxe4 Bb4+ 20. Ke2 Qe7
21. Ng5 Rae8 22. Qd5 1-0

[Event "4th Al Ain Chess Classic"]
[Site "Al-Ain UAE"]
[Date "2015.12.23"]
[Round "1.62"]
[White "Mammadov, Zaur"]
[Black "San Juan, Dennis"]
[Result "1-0"]
[WhiteTitle "GM"]
[WhiteElo "2467"]
[BlackElo "2101"]
[WhiteFideId "13401033"]
[BlackFideId "5207533"]
[EventDate "2015.12.23"]

1. e4 e5 2. Nf3 Nc6 3. Nc3 g6 4. d4 Bg7 5. Bg5 f6 6. Be3 d6 7. Bb5 Bd7 8. Bc4
Na5 9. Bxg8 Rxg8 10. dxe5 Be6 11. Nd4 Qe7 12. Nxe6 Qxe6 13. Qd5 Qxd5 14. Nxd5
Rc8 15. exf6 Bf8 16. Bd4 c6 17. Ne3 b6 18. O-O Kf7 19. Rad1 Re8 20. f3 h5 21. b4
Nb7 22. Rd3 Bh6 23. Nc4 b5 24. Ne3 a6 25. a4 Bg5 26. axb5 axb5 27. Ra1 Bxf6 28.
Bxf6 Kxf6 29. Ra6 Rc8 30. Rb6 Rg7 31. Rc3 Rgc7 32. Rxb5 Nd8 33. Ra5 Ke6 34. Rd3
Nf7 35. f4 Rb7 36. c3 Rcc7 37. Rd2 Kf6 38. Nc4 Ke7 39. Rda2 Ke6 40. Ra6 d5 41.
Na5 Ra7 42. exd5+ Kxd5 43. Rd2+ Ke4 44. Rd4+ Kf5 45. Rxa7 Rxa7 46. Nxc6 Ra1+ 47.
Kf2 g5 48. b5 gxf4 49. b6 1-0

[Event "4th Al Ain Chess Classic"]
[Site "Al-Ain UAE"]
[Date "2015.12.23"]
[Round "1.63"]
[White "Ahmad M Saleh Alzarouni"]
[Black "Petrosyan, Manuel"]
[Result "0-1"]
[BlackTitle "IM"]
[WhiteElo "1668"]
[BlackElo "2466"]
[WhiteFideId "9302301"]
[BlackFideId "13300857"]
[EventDate "2015.12.23"]

1. d4 Nf6 2. c4 e6 3. Nc3 Bb4 4. Qc2 c5 5. dxc5 O-O 6. a3 Bxc5 7. e3 b6 8. Nf3
Bb7 9. Be2 a6 10. b4 Be7 11. O-O Qc7 12. e4 d6 13. Bf4 Nbd7 14. Rfd1 Rfd8 15.
Rd2 Nh5 16. Be3 Rac8 17. Nd4 Nhf6 18. Rc1 Ne5 19. Nf3 Nxc4 20. Bxc4 Qxc4 21.
Bxb6 Re8 22. e5 dxe5 23. Nxe5 Qf4 24. Nd3 Qg5 0-1

[Event "4th Al Ain Chess Classic"]
[Site "Al-Ain UAE"]
[Date "2015.12.24"]
[Round "2.3"]
[White "Kovalenko, Igor"]
[Black "Malakhatko, Vadim"]
[Result "1/2-1/2"]
[WhiteTitle "GM"]
[BlackTitle "GM"]
[WhiteElo "2680"]
[BlackElo "2531"]
[WhiteFideId "14117908"]
[BlackFideId "14104202"]
[EventDate "2015.12.23"]

1. c4 c6 2. Nf3 d5 3. e3 Nf6 4. Nc3 g6 5. cxd5 cxd5 6. Bb5+ Nbd7 7. d4 Bg7 8.
O-O O-O 9. Qb3 e6 10. a4 a6 11. Bd3 b6 12. Bd2 Bb7 13. a5 b5 14. Ne2 Qb8 15. Bb4
Rc8 16. Qa3 Rc6 17. Rac1 Qe8 18. Rxc6 Bxc6 19. Bd6 Rc8 20. Rc1 Bb7 21. Ne5 Ne4
22. Rxc8 Qxc8 23. Nxd7 Qxd7 24. Bb4 Qc8 25. f3 Nf6 26. h3 Nd7 27. Bd6 Nb8 28.
Bb4 Nc6 29. Bd2 e5 30. dxe5 Nxe5 31. Nd4 Nxd3 32. Qxd3 Qc4 33. Qa3 Bxd4 34. exd4
Qxd4+ 35. Be3 b4 36. Qb3 Qc4 37. Qd1 f6 38. Bd4 Kf7 39. b3 Qc6 40. Qd2 g5 41. h4
h6 42. Qd3 Kg7 43. h5 Qe8 44. g4 Bc8 45. Kf2 Qf7 46. Qd2 Bd7 47. Qxb4 Qe6 48.
Qb7 Qc6 49. Qb6 Kf7 50. b4 Qe6 51. Qd8 Bb5 52. Qc7+ Kg8 53. Qc2 Qf7 54. Qc8+ Kg7
55. Qf5 Bc4 56. Kg3 Qc7+ 57. Kg2 Qf7 58. Kf2 Bb5 59. Kg1 Bc4 60. f4 gxf4 61. g5
hxg5 62. Qxg5+ Kh7 63. Qf5+ Kg7 64. Qxf4 Kg8 65. Qf5 Qg7+ 66. Kf2 Qg5 67. Qe6+
Kg7 68. Qe7+ Kg8 69. Qe8+ Kg7 70. Qe7+ Kg8 71. Qe8+ Kg7 72. Qe7+ 1/2-1/2

[Event "4th Al Ain Chess Classic"]
[Site "Al-Ain UAE"]
[Date "2015.12.24"]
[Round "2.4"]
[White "Zeng, Chongsheng"]
[Black "Areshchenko, Alexander"]
[Result "1/2-1/2"]
[WhiteTitle "GM"]
[BlackTitle "GM"]
[WhiteElo "2530"]
[BlackElo "2677"]
[WhiteFideId "8603847"]
[BlackFideId "14109530"]
[EventDate "2015.12.23"]

1. e4 c5 2. Nf3 d6 3. d4 cxd4 4. Nxd4 Nf6 5. Nc3 a6 6. Bg5 e6 7. f4 Qb6 8. Qd2
Qxb2 9. Rb1 Qa3 10. e5 h6 11. Bh4 dxe5 12. fxe5 g5 13. exf6 gxh4 14. Be2 Qa5 15.
O-O Nd7 16. Rbd1 h3 17. g3 Bb4 18. Qe3 Bxc3 19. Nxe6 fxe6 20. Qxe6+ Kd8 21. Qe7+
Kc7 22. Qd6+ Kd8 23. f7 Bg7 24. f8=Q+ Rxf8 25. Rxf8+ Bxf8 26. Qxf8+ Kc7 27. Qd6+
Kd8 28. Qf6+ Kc7 29. Qd6+ Kd8 30. Bg4 Qb5 31. Qf6+ Kc7 32. Qd6+ Kd8 33. Bxh3 Qc6
34. Qf8+ Kc7 35. Qf4+ Kd8 36. Qf8+ Kc7 37. Qf4+ Kd8 38. Bf5 a5 39. Qh4+ Kc7 40.
Qf4+ Kd8 41. Qh4+ Kc7 42. Qf4+ 1/2-1/2

[Event "4th Al Ain Chess Classic"]
[Site "Al-Ain UAE"]
[Date "2015.12.24"]
[Round "2.5"]
[White "Shirov, Alexei"]
[Black "Gopal, G.N."]
[Result "1-0"]
[WhiteTitle "GM"]
[BlackTitle "GM"]
[WhiteElo "2676"]
[BlackElo "2525"]
[WhiteFideId "2209390"]
[BlackFideId "5015693"]
[EventDate "2015.12.23"]

1. e4 c5 2. Nf3 d6 3. d4 cxd4 4. Nxd4 Nf6 5. Nc3 a6 6. Be3 e5 7. Nb3 Be6 8. f3
h5 9. Nd5 Bxd5 10. exd5 Nbd7 11. c4 a5 12. Be2 g6 13. O-O a4 14. Nd2 Bh6 15. Bf2
Nc5 16. Nb1 O-O 17. Nc3 Nfd7 18. Rb1 Re8 19. b4 axb3 20. axb3 e4 21. b4 exf3 22.
Bxf3 Na6 23. c5 dxc5 24. bxc5 Naxc5 25. d6 Be3 26. Bd5 Bxf2+ 27. Rxf2 Ne5 28.
Qd4 Ncd7 29. Ne4 Rf8 30. Rxb7 Qa5 31. Rf1 Rab8 32. Ra1 Qd8 33. Rc7 Rb6 34. h3
Kh7 35. Rf1 Kg8 36. Kh2 Ra6 37. Bb7 Ra5 38. Bc8 Qxc8 39. Rxc8 Rxc8 40. Qd2 Ra4
41. Ng5 Rac4 42. Qd5 R4c5 43. Qb7 Rf8 44. Ne4 Rcc8 45. Qd5 Rfe8 46. Rb1 Kg7 47.
Rb7 Rcd8 48. Qd4 Kg8 49. Rc7 Re6 50. Kg3 Kg7 51. Ng5 Ree8 52. Nf3 Kh7 53. Qf4
Kg8 54. Nxe5 Nxe5 55. Re7 Rxe7 56. dxe7 Re8 57. Qxe5 1-0

[Event "4th Al Ain Chess Classic"]
[Site "Al-Ain UAE"]
[Date "2015.12.24"]
[Round "2.6"]
[White "Neverov, Valeriy"]
[Black "Amin, Bassem"]
[Result "0-1"]
[WhiteTitle "GM"]
[BlackTitle "GM"]
[WhiteElo "2516"]
[BlackElo "2665"]
[WhiteFideId "14100150"]
[BlackFideId "10601457"]
[EventDate "2015.12.23"]

1. d4 Nf6 2. c4 e6 3. Nc3 Bb4 4. e3 b6 5. Bd3 Bb7 6. Nf3 Ne4 7. O-O f5 8. Ne2
O-O 9. a3 Bd6 10. b4 Qf6 11. Bb2 Qh6 12. Ng3 a5 13. b5 Bxg3 14. hxg3 d6 15. d5
Nd7 16. dxe6 Ndc5 17. e7 Rf7 18. Bc2 Re8 19. Nd4 Rexe7 20. Nc6 Re8 21. Qe2 Bc8
22. Rad1 Bd7 23. Rd5 Be6 24. Rd4 Rf6 25. Qf3 Bf7 26. g4 fxg4 27. Qxg4 Nxf2 28.
Qh4 Nfe4 29. Rf4 Rxf4 30. Qxh6 gxh6 31. exf4 Ng3 32. Kh2 Nf1+ 33. Kg1 Ne3 34. f5
h5 35. Bd3 Nd1 36. Bc1 Nxd3 37. Rxd3 Re1+ 38. Kh2 Nf2 39. Rg3+ Ng4+ 40. Rxg4+
hxg4 41. Bg5 Bxc4 42. Bd8 Bxb5 43. Nd4 Bd7 44. Bxc7 Re5 45. Bxb6 Bxf5 46. Kg3
Bd7 47. Kf4 Kf7 48. g3 a4 49. Bc7 Ke7 50. Bb6 Re1 51. Ba5 Rd1 52. Ke3 h5 53. Ne2
Rf1 54. Bb4 Rf3+ 55. Kd4 0-1

[Event "4th Al Ain Chess Classic"]
[Site "Al-Ain UAE"]
[Date "2015.12.24"]
[Round "2.7"]
[White "Efimenko, Zahar"]
[Black "Libiszewski, Fabien"]
[Result "1-0"]
[WhiteTitle "GM"]
[BlackTitle "GM"]
[WhiteElo "2647"]
[BlackElo "2515"]
[WhiteFideId "14107201"]
[BlackFideId "616834"]
[EventDate "2015.12.23"]

1. Nf3 Nf6 2. g3 g6 3. b3 Bg7 4. Bb2 d6 5. d4 O-O 6. Bg2 c5 7. c4 Qa5+ 8. Nc3
Ne4 9. Rc1 Nc6 10. O-O Nxc3 11. Bxc3 Qc7 12. d5 Ne5 13. Nxe5 Bxe5 14. e4 Bd7 15.
f4 Bxc3 16. Rxc3 b5 17. Qe2 bxc4 18. bxc4 Rab8 19. e5 Qa5 20. Re3 Bf5 21. g4 Bb1
22. Rf2 Rb6 23. exd6 Rxd6 24. f5 Ra6 25. Rb3 Qxa2 26. Qd1 1-0

[Event "4th Al Ain Chess Classic"]
[Site "Al-Ain UAE"]
[Date "2015.12.24"]
[Round "2.8"]
[White "Kunte, Abhijit"]
[Black "Anton Guijarro, David"]
[Result "1/2-1/2"]
[WhiteTitle "GM"]
[BlackTitle "GM"]
[WhiteElo "2507"]
[BlackElo "2640"]
[WhiteFideId "5002265"]
[BlackFideId "2285525"]
[EventDate "2015.12.23"]

1. d4 Nf6 2. c4 e6 3. Nf3 d5 4. g3 Bb4+ 5. Bd2 Be7 6. Bg2 O-O 7. O-O c6 8. Qc2
Nbd7 9. Rd1 Ne4 10. Nc3 f5 11. Rab1 Bf6 12. e3 Qe8 13. Ne2 g5 14. Ne1 a5 15. f3
Nxd2 16. Qxd2 b5 17. cxb5 cxb5 18. f4 g4 19. Nd3 b4 20. Ne5 Ba6 21. Rdc1 Rc8 22.
Rxc8 Qxc8 23. Rc1 Qb7 24. Nxd7 Qxd7 25. Bf1 Rc8 26. Rxc8+ Qxc8 27. Nc1 Bxf1 28.
Kxf1 Be7 29. Nd3 1/2-1/2

[Event "4th Al Ain Chess Classic"]
[Site "Al-Ain UAE"]
[Date "2015.12.24"]
[Round "2.9"]
[White "Kuzubov, Yuriy"]
[Black "Debashis, Das"]
[Result "1-0"]
[WhiteTitle "GM"]
[BlackTitle "GM"]
[WhiteElo "2640"]
[BlackElo "2505"]
[WhiteFideId "14112906"]
[BlackFideId "5024854"]
[EventDate "2015.12.23"]

1. c4 e5 2. Nc3 Nc6 3. Nf3 Nf6 4. e3 Bb4 5. Qc2 O-O 6. Nd5 Re8 7. a3 Bf8 8. Ng5
g6 9. Nxf6+ Qxf6 10. Ne4 Qd8 11. Be2 d6 12. O-O Bg7 13. b4 f5 14. Nc3 Be6 15.
Bb2 Qd7 16. Rad1 Rf8 17. Nd5 f4 18. b5 Ne7 19. Nxe7+ Qxe7 20. Bf3 Rab8 21. d3
Kh8 22. Qe2 b6 23. Rfe1 Rbe8 24. a4 fxe3 25. Qxe3 Rf7 26. Bc6 Ref8 27. f3 Bd7
28. Bd5 Be6 29. Be4 Bf5 30. Bc1 Bxe4 31. Qxe4 Qd8 32. Be3 Rd7 33. Rc1 Rff7 34.
Qd5 Rf5 35. Bd2 Rf8 36. a5 Rdf7 37. Rc2 h5 38. axb6 axb6 39. Ra2 Kh7 40. Be3 Bh6
41. Bf2 Bg5 42. Re4 Bf6 43. h3 Kg7 44. Kh1 Bg5 45. Qc6 Bf6 46. Ra7 Bg5 47. Re2
Bf6 48. Rea2 Re7 49. Rb7 Rff7 50. Be3 Kh7 51. Raa7 Kg7 52. Kg1 Kh7 53. g4 hxg4
54. hxg4 Bh4 55. Kg2 Qh8 56. Rxc7 e4 57. Rxe7 1-0

[Event "4th Al Ain Chess Classic"]
[Site "Al-Ain UAE"]
[Date "2015.12.24"]
[Round "2.10"]
[White "Arencibia Rodriguez, Walter"]
[Black "Rakhmanov, Aleksandr"]
[Result "0-1"]
[WhiteTitle "GM"]
[BlackTitle "GM"]
[WhiteElo "2501"]
[BlackElo "2640"]
[WhiteFideId "3500012"]
[BlackFideId "4173708"]
[EventDate "2015.12.23"]

1. e4 c5 2. Nf3 Nf6 3. e5 Nd5 4. g3 Nc6 5. Bg2 Nc7 6. Nc3 g6 7. Ne4 Ne6 8. c3
Qb6 9. O-O Bg7 10. b4 c4 11. Qe2 Qb5 12. a4 Qd5 13. Ba3 Qd3 14. Qe1 h6 15. Nh4
Qc2 16. f4 Qxa4 17. f5 gxf5 18. Nxf5 Bf8 19. Nc5 Qb5 20. Qf2 Kd8 21. Nd6 exd6
22. Qf6+ Kc7 23. exd6+ Bxd6 24. Qxh8 Nxc5 25. bxc5 Bxc5+ 26. Bxc5 Qxc5+ 27. Kh1
Ne5 28. Qxh6 d6 29. Qf8 Rb8 30. Rxf7+ Bd7 31. Rxd7+ Nxd7 32. Qe7 a6 33. Rf1 Qe5
34. Qf7 b5 35. Qf3 Qc5 36. Ra1 Ne5 37. Qf6 Kb6 38. h3 a5 39. g4 a4 40. g5 Rg8
41. Rf1 a3 42. g6 Rxg6 43. Qd8+ Qc7 44. Qa8 Qa7 45. Qd5 Qc7 46. Ra1 Qc6 47.
Qxc6+ Nxc6 48. Rxa3 Rg3 49. Ra8 Rd3 50. Ra2 Ne5 51. Kh2 d5 52. Kg1 Nf3+ 53. Bxf3
Rxf3 54. Kg2 Rd3 55. h4 d4 56. Rc2 Kc5 57. h5 dxc3 58. dxc3 Rd5 59. h6 Rh5 60.
Rf2 Rxh6 61. Rf5+ Kb6 62. Rf1 Rg6+ 63. Kh2 Rg5 64. Kh3 Kc5 0-1

[Event "4th Al Ain Chess Classic"]
[Site "Al-Ain UAE"]
[Date "2015.12.24"]
[Round "2.11"]
[White "Mchedlishvili, Mikheil"]
[Black "Deepan, Chakkravarthy J."]
[Result "1-0"]
[WhiteTitle "GM"]
[BlackTitle "GM"]
[WhiteElo "2635"]
[BlackElo "2496"]
[WhiteFideId "13600966"]
[BlackFideId "5011132"]
[EventDate "2015.12.23"]

1. c4 g6 2. e4 Bg7 3. d4 d6 4. Nc3 Nf6 5. h3 O-O 6. Bg5 c5 7. d5 b5 8. cxb5 a6
9. a4 h6 10. Be3 Nbd7 11. Nf3 Qa5 12. Nd2 axb5 13. Bxb5 Ba6 14. O-O Rfb8 15. Nc4
Qb4 16. Qc2 Bxb5 17. Nxb5 Nb6 18. Nxb6 Rxb6 19. f3 Nd7 20. Rfb1 Bd4 21. Nxd4
cxd4 22. a5 Rb5 23. Ra4 d3 24. Qd1 Qb3 25. Qxb3 Rxb3 26. Kf2 f5 27. a6 Kf7 28.
a7 f4 29. Bxf4 Nb6 30. Ra3 Rxa3 31. bxa3 Nc4 1-0